Statistiques concernant Yokai watch 1 : rang S

Cliquez ici pour prendre le quiz!

Statistiques générales

  • Ce quiz a été pris 95 fois
  • Le résultat moyen est 19 sur 42

Statistiques - réponses

Yokai% Correct
Shogunyan
89%
Kyubi
80%
Octorgone
80%
Gorgouille
75%
Komashura
73%
Barakabo
65%
Camaïeul
65%
Octorgombre
65%
Tata Calin
62%
Cabotin
60%
Fouétar
58%
Damona
55%
Oronyan
55%
Scarnage
51%
Tengu
51%
Blizzaria
47%
Cho-cho
45%
Dente
45%
Tengurou
45%
Dragô
44%
Omnitonton
44%
Scarmouche
44%
Belzel
40%
Eterna
40%
Amiral
38%
Corniaque
38%
Jouvencia
38%
Tata Aura
38%
Maltesse
36%
Rhinolimit
36%
Misterre
35%
Sire Dragon
35%
Zerberker
35%
Dynamo
33%
Ressak
33%
Orox
29%
Insomnelle
27%
Morféa
27%
Vénaldo
27%
Froahuahua
20%
Peppillon
9%
Castlius Max
0%

Distribution des résultats

Percentile par nombre de réponses

% des personnes avec chaque résultat

Votre développement - résultats

Vous n’avez pas pris ce quiz